|
|
|
|
| LEADER |
00000nab a2200000 4500 |
| 001 |
vtls011918679 |
| 003 |
SK-MaSNL |
| 005 |
20260303210648.0 |
| 008 |
200219|2015 xo |||| ||an ||00 0|slo |
| 015 |
|
|
|a SNBRB2020/02
|
| 040 |
|
|
|a SPKCL
|b slo
|e rda
|
| 041 |
|
|
|a slo
|b slo
|
| 044 |
|
|
|a xo
|c SK
|
| 072 |
|
7 |
|a 930.85
|x Dejiny civilizácie. Kultúrne dejiny
|2 konspekt
|
| 080 |
|
|
|a 930.85
|2 2011
|
| 100 |
1 |
|
|a Pácalová, Jana
|4 aut
|9 1108331
|
| 245 |
1 |
0 |
|a Fragmenty pamäti
|b Ľudovít Štúr očami súčasníkov
|c Jana Pácalová
|
| 336 |
|
|
|a text
|b txt
|2 rdacontent
|
| 337 |
|
|
|a počítač
|b n
|2 rdamedia
|
| 338 |
|
|
|a online zdroj
|b cr
|2 rdacarrier
|
| 504 |
|
|
|a Obsahuje bibliografiu
|
| 546 |
|
|
|a Slovenské resumé
|
| 600 |
1 |
7 |
|a Štúr, Ľudovít,
|d 1815-1856
|2 snkbucl
|9 92872
|
| 650 |
0 |
7 |
|a národné obrodenie
|2 SNKPH
|9 3795
|
| 650 |
0 |
7 |
|a súčasnosť
|2 snkbucl
|9 449161
|
| 773 |
0 |
|
|t Jazyk a literatúra (online)
|g Roč. 2, č. 3 (2015), s. 3-31
|x 1339-7184
|
| 787 |
0 |
8 |
|i Rec.:
|
| 856 |
4 |
1 |
|a http://www.statpedu.sk/sk/metodicky-portal/casopisy/jazyk-literatura/
|
| 958 |
|
|
|a NB
|
| 999 |
|
|
|c 2201159
|d 2203089
|